| 000 | 01190nam a22003257a 4500 | ||
|---|---|---|---|
| 003 | CHAP | ||
| 005 | 20220329135134.0 | ||
| 008 | 971013s1977 r 00010 d | ||
| 010 | _a31523 | ||
| 011 | _a32495 | ||
| 035 | _a36610 | ||
| 040 | _cCHAP | ||
| 090 | _aFolleto 4909 | ||
| 100 | 0 | 0 |
_aMartínez del Angel, Francisco. _971979 |
| 245 | _aCombate de malezas en el cultivo de frijol en la región de Los Llanos estado de Durango | ||
| 260 |
_a(s.l.) : _bDirección General de Producción y Extensión Agrícola, _c1977 |
||
| 300 |
_a6 p. _b: ilus |
||
| 590 |
_aBATCH-UPD _b10 _c20130110 _lUCH01 _h1604 |
||
| 590 |
_aBATCH-UPD _b10 _c20130410 _lUCH01 _h1001 |
||
| 590 |
_aBATCH-UPD _b10 _c20130914 _lUCH01 _h1440 |
||
| 590 |
_aCONVERSION _b10 _c20130109 _lUCH01 _h1318 |
||
| 650 | 1 | 4 |
_aFrijol _xMalas hierbas _xControl. _943402 |
| 901 | _aBK | ||
| 942 | _cFOLL | ||
| 949 |
_aFolleto 4909 _bBC _cFOLL _d-84357 _eTS1 _i36610 _mD _si |
||
| 949 |
_aFolleto 4909 _bBC _cFOLL _d-84358 _eTS2 _fc.2 _i36610 _si |
||
| 949 |
_aFolleto 4909 _bBC _cFOLL _d-84359 _eTS2 _fc.3 _i36610 _si |
||
| 949 |
_aFolleto 4909 _bBC _cFOLL _d-84360 _eTS2 _fc.4 _i36610 _si |
||
| 949 |
_aFolleto 4909 _bBC _cFOLL _d-84361 _eTS2 _fc.5 _i36610 _si |
||
| 999 |
_c31523 _d31523 |
||